Statistics for Fill in the Missing Word Chunks #1

Click here to take the quiz!

General Stats

  • This quiz has been taken 21 times
  • The average score is 7 of 11

Answer Stats

HintAnswer% Correct
Someone you hang out with a lotFr{ie}nd
100%
US State that has MemphisTenne{ssee}
94%
Past-tense of braidBra{ide}d
81%
Lots; many ofPl{enti}ful
81%
Norse superheroTh{or}
81%
A type of car passagewayAv{enu}e
81%
Where the Pilgrims landedPl{ymou}th Rock
69%
Demonym of WalesW{els}h
50%
Is able to happenDef{ini}te
44%
Overseas department of FranceFrench G{uiana}
25%
Capital of TurkmenistanA{shga}bat
25%

Score Distribution

Percentile by Number Answered

Percent of People with Each Score

Your Score History

You have not taken this quiz